| 000 | 00364nam a22001457a 4500 | ||
|---|---|---|---|
| 003 | MACL | ||
| 005 | 20190920151341.0 | ||
| 008 | 190920b xxu||||| |||| 00| 0 eng d | ||
| 040 | _cMACL | ||
| 100 |
_aCharan, Dr Amita _976717 |
||
| 245 | _aAdvertising and Brand Management | ||
| 260 |
_aDelhi _bAne Books _c2018 |
||
| 650 |
_aManagement _976718 |
||
| 942 |
_2ddc _cBK |
||
| 999 |
_c61048 _d61048 |
||